Konštrukčná úprava na ložisku spojky pre zlepšenie vlastností spojených so zahrievaním sa ložiska

Na minha lista:
Detalhes bibliográficos
Autor principal: Bulla, Matej (Author)
Outros Autores: Milesich, Tomáš (Thesis advisor)
Formato: Manuscrito Livro
Idioma:eslovaco
Publicado em: 2016
Assuntos:
Acesso em linha:http://is.stuba.sk/zp/portal_zp.pl?podrobnosti=133395
Tags: Adicionar Tag
Sem tags, seja o primeiro a adicionar uma tag!

MARC

LEADER 00000ntm a22000003a 4500
001 stuzp58854
003 SK-STU
005 20160719155702.4
007 ta
008 150427s2015----xo-----f-mn---000-0-slo-d
040 |a STU  |b slo 
041 0 |a slo 
100 1 |a Bulla, Matej  |u 020030  |k Z4  |4 aut  |U SjF Strojnícka fakulta  |T SjF Ústav dopravnej techniky a konštruovania  |X 9274  |U J0030  |Y 806  |7 A000009274 
242 0 1 |a The Structural Modifications to the Clutch Bearing for Improved Characteristics Associated with Heating the Bearings.  |y eng 
245 1 0 |a Konštrukčná úprava na ložisku spojky pre zlepšenie vlastností spojených so zahrievaním sa ložiska 
260 |c 2016 
650 4 |a ložisko  |2 slo 
650 4 |a životnosť  |2 slo 
650 4 |a spojka  |2 slo 
650 4 |a zahrievanie  |2 slo 
650 4 |a prestup tepla  |2 slo 
650 4 |a trenie  |2 slo 
650 4 |a mazanie  |2 slo 
650 4 |a testovanie  |2 slo 
650 4 |a lubrication  |2 eng 
650 4 |a testing  |2 eng 
650 4 |a heat transfer  |2 eng 
650 4 |a bearing  |2 eng 
650 4 |a lifetime  |2 eng 
650 4 |a clutch  |2 eng 
650 4 |a friction  |2 eng 
700 1 |a Milesich, Tomáš  |u 020030  |k Z2  |4 ths  |U SjF Strojnícka fakulta  |T SjF Ústav dopravnej techniky a konštruovania  |X 49630  |U J0030  |Y 806  |7 A000049630 
856 4 |u http://is.stuba.sk/zp/portal_zp.pl?podrobnosti=133395 
SQL |a stuzp58854  |b DDP  |c SLO  |d Konštrukčná úprava na ložisku spojky pre zlepšenie vlastností spojených so zahrievaním sa ložiska  |e 9274  |f Bulla, Matej  |g 020030  |h 49630  |i Milesich, Tomáš  |j 20160616  |k 1305  |l 02  |m http://is.stuba.sk/zp/portal_zp.pl?podrobnosti=133395  |n I-AMPS  |o 5.2.3. dopravné stroje a zariadenia